Statistiques concernant Les 7 ligues de base (rapide)

Cliquez ici pour prendre le quiz!

Statistiques générales

  • Ce quiz a été pris 206 fois
  • Le résultat moyen est 3 sur 7

Statistiques - réponses

PaysLigue% Correct
🇪🇸La Liga
86%
🏴󠁧󠁢󠁥󠁮󠁧󠁿Premier League
74%
🇩🇪Bundesliga
59%
🇮🇹Serie A
47%
🇫🇷Ligue 1
43%
🇵🇹Liga NOS
8%
🇳🇱Eredivisie
5%

Distribution des résultats

Percentile par nombre de réponses

% des personnes avec chaque résultat

Votre développement - résultats

Vous n’avez pas pris ce quiz